| 000 | 00700nam a22002177a 4500 | ||
|---|---|---|---|
| 005 | 20250317122158.0 | ||
| 010 | _aENG-144084 | ||
| 020 |
_a9788119337446 _c260.00 |
||
| 035 | _aEN-127616 | ||
| 037 | _bDBAD | ||
| 082 | _a796.06 | ||
| 100 |
_aAli, B.Akbar _979656 |
||
| 245 |
_aPro Steps of Physical Education/ _cB.Akbar Ali [and] T. Murugesan |
||
| 250 | _a1 | ||
| 260 |
_aTamil Nadu _bShanlax Publications _c2023 |
||
| 270 |
_a61, 66 T.P.K. Main Road Vasantha Nagar Madurai _bTamil Nadu _e625003 _k7639303383 _mpublisher@Shanlaxpublication.com |
||
| 300 |
_a96p. _c24cm(pb) |
||
| 700 |
_aMurugesan, T. _eCompiler _979657 |
||
| 760 | _b1 | ||
| 942 |
_2ddc _cEN _h796.06 _mALI _e1 |
||
| 999 |
_c210310 _d210310 |
||